Fr. Conceicao Rodrigues College of Engineering

Network Programming in Windows (Record no. 31467)

MARC details
000 -LEADER
fixed length control field 00321nam a2200145Ia 4500
082 ## - DEWEY DECIMAL CLASSIFICATION NUMBER
Classification number 5.2
Item number SIN
100 ## - MAIN ENTRY--PERSONAL NAME
Personal name Sinha/Alok K
245 ## - TITLE STATEMENT
Title Network Programming in Windows
260 ## - PUBLICATION, DISTRIBUTION, ETC.
Name of publisher, distributor, etc. Addison Wesly
Place of publication, distribution, etc. Reading
Date of publication, distribution, etc. 1996
300 ## - PHYSICAL DESCRIPTION
Extent 619
546 ## - LANGUAGE NOTE
Language note ENGLISH
654 ## - SUBJECT ADDED ENTRY--FACETED TOPICAL TERMS
Focus term Network in windows
942 ## - ADDED ENTRY ELEMENTS (KOHA)
Koha item type BOOK
Holdings
Withdrawn status Lost status Damaged status Not for loan Collection Home library Current library Shelving location Date acquired Total Checkouts Full call number Barcode Date last seen Price effective from Koha item type
        CRC Fr. Agnel's C.Rodrigues College of Engineering Fr. Agnel's C.Rodrigues College of Engineering   17/03/2023   5.2 SIN 8891 17/03/2023 17/03/2023 BOOK